Thus spoke Zarathustra; (Record no. 330021)
[ view plain ]
| 000 -LEADER | |
|---|---|
| fixed length control field | 00868cam a22002651 4500 |
| 001 - CONTROL NUMBER | |
| control field | 6563314 |
| 003 - CONTROL NUMBER IDENTIFIER | |
| control field | NUST |
| 005 - DATE AND TIME OF LATEST TRANSACTION | |
| control field | 20170606090320.0 |
| 008 - FIXED-LENGTH DATA ELEMENTS--GENERAL INFORMATION | |
| fixed length control field | 720728s1961 mdu 000 0 eng |
| 010 ## - LIBRARY OF CONGRESS CONTROL NUMBER | |
| LC control number | 61066335 |
| 015 ## - NATIONAL BIBLIOGRAPHY NUMBER | |
| National bibliography number | GB61-16439 |
| 020 ## - INTERNATIONAL STANDARD BOOK NUMBER | |
| International Standard Book Number | 9780140441185 |
| 035 ## - SYSTEM CONTROL NUMBER | |
| System control number | (OCoLC)367908 |
| 040 ## - CATALOGING SOURCE | |
| Original cataloging agency | DLC |
| Transcribing agency | NhD |
| Modifying agency | NcU |
| -- | OCoLC |
| -- | Uk |
| -- | PPLT |
| -- | DLC |
| 041 1# - LANGUAGE CODE | |
| Language code of text/sound track or separate title | engger |
| 042 ## - AUTHENTICATION CODE | |
| Authentication code | premarc |
| 050 00 - LIBRARY OF CONGRESS CALL NUMBER | |
| Classification number | B3313.A43 |
| Item number | E5 1961 |
| 082 ## - DEWEY DECIMAL CLASSIFICATION NUMBER | |
| Classification number | 193 |
| Author Mark | NIE |
| 100 1# - MAIN ENTRY--PERSONAL NAME | |
| Personal name | Nietzsche, Friedrich Wilhelm, |
| Dates associated with a name | 1844-1900. |
| 9 (RLIN) | 1983 |
| 245 10 - TITLE STATEMENT | |
| Title | Thus spoke Zarathustra; |
| Remainder of title | a book for everyone and no one. |
| Statement of responsibility, etc. | Translated with an introd. by R.J. Hollingdale. |
| 260 ## - PUBLICATION, DISTRIBUTION, ETC. | |
| Place of publication, distribution, etc. | Baltimore, |
| Name of publisher, distributor, etc. | Penguin Books |
| Date of publication, distribution, etc. | 1961 |
| 300 ## - PHYSICAL DESCRIPTION | |
| Extent | 342 p. |
| Dimensions | 18 cm. |
| 440 #4 - SERIES STATEMENT/ADDED ENTRY--TITLE | |
| Title | The Penguin classics, |
| Volume/sequential designation | L118 |
| 9 (RLIN) | 1984 |
| 906 ## - LOCAL DATA ELEMENT F, LDF (RLIN) | |
| a | 7 |
| b | cbc |
| c | oclcrpl |
| d | u |
| e | ncip |
| f | 19 |
| g | y-gencatlg |
| 942 ## - ADDED ENTRY ELEMENTS (KOHA) | |
| Source of classification or shelving scheme | |
| Koha item type | Book |
| Withdrawn status | Lost status | Source of classification or shelving scheme | Damaged status | Not for loan | Collection code | Permanent Location | Current Location | Shelving location | Date acquired | Total Checkouts | Total Renewals | Full call number | Barcode | Date last seen | Date last checked out | Copy number | Price effective from | Koha item type |
|---|---|---|---|---|---|---|---|---|---|---|---|---|---|---|---|---|---|---|
| Central Library (CL) | Central Library (CL) | Book Cart | 06/06/2017 | 12 | 19 | 193 NIE | CL1322 | 01/26/2026 | 09/30/2025 | 1 | 06/06/2017 | Book |
